Zdvíhacie zariadenia v teórii a praxi. Zborník prednášok

Salvato in:
Dettagli Bibliografici
Natura: Libro
Pubblicazione: Žilina : ČSVTS, 1990
Tags: Aggiungi Tag
Nessun Tag, puoi essere il primo ad aggiungerne!!

MARC

LEADER 00000nam a22000003a 4500
001 stu46821
005 20150408180146.6
008 ------s1990----cs----------------------d
040 |a STU  |b slo 
041 0
044 |a cs 
080 |a 621.86 
245 |a Zdvíhacie zariadenia v teórii a praxi. Zborník prednášok 
260 |a Žilina :  |b ČSVTS,  |c 1990 
300 |a 204 s 
996 |b J85101  |c J*85101/K 2  |l JJK2  |s P  |a 0  |w stu46821_0001